000 01062nam1a2200313 i 4500
001 RU\NLR\bibl\1237590
005 20260407062741.0
010 _a978-5-275-01622-2
035 _a(NLR Aleph) 001223814
090 _a155198
_c155198
100 _a20080605d2008 k y0rusy50 ca
101 1 _arus
_ceng
102 _aRU
105 _a||||z |||||
200 1 _aИзбранные произведения
_eв 3 т.
_e[перевод с английского]
_fДжером Клапка Джером
_g[ред.: Т. Чугунова]
210 _aМосква
_cТерра Книжный клуб
_d2008
215 _d21
463 0 _10011228897
463 0 _10011227548
463 0 _10011229820
686 _aШ6(4Вл)57-44{Лх1297-45}
700 1 _4070
_8rus
_7ca
_aДжером
_bД. К.
_f1859-1927
_gДжером Клапка
_3RU\NLR\auth\7712936
_9122645
702 1 _aЧугунова
_bТ.
_4340
801 0 _aRU
_bNLR
_c20080605
_gRCR
801 1 _aRU
_bNLR
_c20080605
852 _aNLR
_j2008-3/14251
942 _cBOOK